00779cam a22002171a 4500001001300000003000400013005001700017008004100034010001700075035002000092040002300112042001200135050001900147245012800166260010600294300002000400610003900420650003400459651005100493999001700544sa 68020340 DLC20260227112723.0840807s1966 io 000 0 ind  asa 68020340  a(OCoLC)23572424 aDLCcMiUdOAUdDLC apremarc00aJQ779.A56bA5800aSiasat memetjah-belah P.N.I. sebagai proloog pengchianatan G-30-S/PKI /c[Dewan Pimpinan Pusat, Partai Nasional Indonesia]. a[Jakarta?] :bDepartemen Penerangan-Propinsi Dewan Pimpinan Pusat Partai Nasional Indonesia,c[1966]. a40 p. ;c21 cm.20aPartai Nasional Indonesia (P.N.I.) 0aPolitical partieszIndonesia. 0aIndonesiaxPolitics and governmenty1950-1966. c89368d89368